El concepto de tecnología /

Bibliographic Details
Main Author: Carvajal Ahumada, Germán (Author)
Format: Electronic eBook
Language:Spanish
Published: Bogotá : Editorial Aula de Humanidades, 2023.
Edition:Primera edición.
Series:Colección Filosofía y formación en tecnología (Editorial Aula de Humanidades)
Subjects:
Online Access:Digitalia Hispánica

MARC

LEADER 00000nam a2200000 i 4500
001 DIGAUHUM0045
003 NyNyDIG
007 cr |||||||||||
008 250502s2023 ck ob 001 0 spa d
006 m o d
035 |a (OCoLC)1519504672 
040 |a DGITA  |b eng  |e rda  |e pn  |c DGITA 
020 |a 9786287625853  |q (versión digital) 
020 |z 9786287625846  |q (versión impresa) 
050 1 4 |a T14 ebook 
100 1 |a Carvajal Ahumada, Germán,  |e author. 
245 1 3 |a El concepto de tecnología /  |c Germán Carvajal Ahumada. 
250 |a Primera edición. 
264 1 |a Bogotá :  |b Editorial Aula de Humanidades,  |c 2023. 
300 |a 1 online resource. 
336 |a text  |b txt  |2 rdacontent 
337 |a computer  |b c  |2 rdamedia 
338 |a online resource  |b cr  |2 rdacarrier 
347 |a text file  |2 rdaft 
347 |b PDF 
490 1 |a Colección: Filosofía y formación en tecnología 
504 |a Includes bibliographical references and indexes. 
588 0 |a Online resource; title from PDF title page (Digitalia, viewed May 2, 2025) 
650 0 |a Technology  |x Philosophy. 
791 2 |a Digitalia (Firm),  |e distributor. 
793 0 |g Digitalia eBook Collection:  |a Editorial Aula de Humanidades 
776 0 8 |i Print version:  |a Carvajal Ahumada, Germán.  |t Concepto de tecnología.  |b Primera edición.  |d Bogotá : Editorial Aula de Humanidades, [2023]  |z 9786287625846 
830 0 |a Colección Filosofía y formación en tecnología (Editorial Aula de Humanidades) 
856 4 0 |3 Digitalia Hispánica  |u https://www.digitaliapublishing.com/a/170633/ 
910 |a Premium collection: 2025